Statistiques concernant Personnages de films #2

Cliquez ici pour prendre le quiz!

Statistiques générales

  • Ce quiz a été pris 277 fois
  • Le résultat moyen est 14 sur 20

Statistiques - réponses

Réponse% Correct
Forrest Gump
95%
Willy Wonka (Charlie et la Chocolaterie)
95%
Rocky Balboa
93%
Vito Corleone (Le Parrain)
86%
La Nonne
82%
Edward aux mains d'argent
76%
Katniss Everdeen (Hunger Games)
76%
Rose DeWitt Bukater (Titanic)
74%
Bellatrix Lestrange (Harry Potter)
72%
Bumblebee (Transformers)
71%
Dark Maul (Star Wars)
71%
Hannibal Lecter
70%
Marty Mcfly (Retour vers le futur)
68%
John Wick
67%
Agent Jay (Men In Black)
56%
Davy Jones (Pirates des Caraïbes)
55%
Saroumane (Seigneur des anneaux)
46%
Anton Chigurh (No country for old men)
43%
Patrick Bateman (American Psycho)
35%
Will Hunting
28%

Distribution des résultats

Percentile par nombre de réponses

% des personnes avec chaque résultat

Votre développement - résultats

Vous n’avez pas pris ce quiz